[Event "ESP-ch 88th"]
[Site "Marbella"]
[Date "2023.10.20"]
[Round "8"]
[White "Navarrete Delgado, Sergio"]
[Black "Perea Fruet, Lorenzo"]
[Result "0-1"]
[WhiteElo "2173"]
[BlackElo "2211"]
[PlyCount "90"]
[EventDate "2023.10.13"]
[EventType "swiss"]
[EventRounds "9"]
[EventCountry "ESP"]
[SourceTitle "Mega2024 Update 01"]
[Source "Chessbase"]
[SourceDate "2023.11.12"]
[SourceVersion "1"]
[SourceVersionDate "2023.11.12"]
[SourceQuality "1"]

1. e4 c5 2. Nf3 e6 3. Nc3 Nc6 4. d4 cxd4 5. Nxd4 Nf6 6. g3 a6 7. Bg2 Qc7 8. 0-0 h5 9. h3 Bc5 10. Nxc6 dxc6 11. e5 Qxe5 12. Bf4 Qf5 13. Re1 Be7 14. Re5 Qh7 15. Bg5 g6 16. Qe2 Qg7 17. Re1 Bd7 18. Na4 Rd8 19. c4 0-0 20. Re3 b5 21. Nb6 Be8 22. Rf3 bxc4 23. Nxc4 Nd5 24. Bxe7 Nxe7 25. Ra3 h4 26. g4 Nd5 27. Rxa6 Qd4 28. Bxd5 cxd5 29. Rd1 Qc5 30. Na3 d4 31. Qd2 Qd5 32. Ra5 Qxa2 33. Qb4 Rd5 34. Rxd5 Qxd5 35. Rxd4 Qf3 36. Qc3 Qf6 37. Nc2 e5 38. Rc4 Bd7 39. Rc7 Be6 40. b4 Rd8 41. Ne3 Qf3 42. Re7 Rd1+ 43. Nxd1 Qxd1+ 44. Kh2 Bd5 45. Re8+ Kh7 0-1

[Event "Paz de Ziganda op 28th"]
[Site "Villava"]
[Date "2018.03.17"]
[Round "6"]
[White "Navarrete Delgado, Sergio"]
[Black "Del Rio de Angelis, Salvador Gabriel"]
[Result "0-1"]
[WhiteElo "2203"]
[BlackElo "2535"]
[PlyCount "128"]
[EventDate "2018.03.17"]
[EventType "swiss (rapid)"]
[EventRounds "9"]
[EventCountry "ESP"]
[SourceTitle "CBM 183 Extra"]
[Source "ChessBase"]
[SourceDate "2018.04.19"]
[SourceVersion "1"]
[SourceVersionDate "2018.04.19"]
[SourceQuality "1"]

1. e4 d5 2. exd5 Nf6 3. d4 Nxd5 4. Nf3 g6 5. Be2 Bg7 6. 0-0 0-0 7. c4 Nb6 8. Be3 c5 9. Nc3 cxd4 10. Bxd4 Nc6 11. Bxg7 Kxg7 12. Qc1 Bg4 13. Rd1 Qc8 14. Nd5 f6 15. Nxb6 axb6 16. Qe3 Qc7 17. h3 Bxf3 18. Bxf3 Ne5 19. Bd5 Rad8 20. Rd4 Rd6 21. Rh4 g5 22. Re4 Qc5 23. Qg3 Ng6 24. Rae1 e5 25. Qc3 b5 26. Bxb7 Rfd8 27. Bd5 bxc4 28. Bxc4 Rd2 29. R4e2 Rxe2 30. Bxe2 Qxc3 31. bxc3 Ra8 32. Ra1 Ra3 33. c4 Nf4 34. Bd1 Ne6 35. Bb3 Nc5 36. Rb1 Kf7 37. Kf1 Ke7 38. Ke2 Ne4 39. Rc1 Kd6 40. f3 Nc5 41. Rc3 f5 42. g3 e4 43. Ke3 Ke5 44. f4+ gxf4+ 45. gxf4+ Kd6 46. Kd4 Ne6+ 47. Ke3 Kc5 48. Rc1 Nd4 49. Rb1 Ra7 50. Rd1 Rg7 51. Kf2 h5 52. Rb1 h4 53. Bd1 Rg3 54. Rb8 Kxc4 55. Be2+ Nxe2 56. Kxe2 Rf3 57. a4 Rxf4 58. a5 Rf3 59. a6 Ra3 60. Rf8 Kd4 61. Rxf5 Ra2+ 62. Kd1 Rxa6 63. Rf4 Kd3 64. Kc1 e3 0-1

[Event "Paz de Ziganda op 27th"]
[Site "Villava"]
[Date "2017.03.18"]
[Round "5"]
[White "Navarrete Delgado, Sergio"]
[Black "Huerga Leache, Mikel"]
[Result "0-1"]
[WhiteElo "2239"]
[BlackElo "2449"]
[PlyCount "128"]
[EventDate "2017.03.18"]
[EventType "swiss (rapid)"]
[EventRounds "9"]
[EventCountry "ESP"]
[SourceTitle "CBM 177 Extra"]
[Source "ChessBase"]
[SourceDate "2017.04.27"]
[SourceVersion "1"]
[SourceVersionDate "2017.04.27"]
[SourceQuality "1"]

1. e4 e6 2. d4 d5 3. exd5 exd5 4. Bd3 Nc6 5. Be3 Be6 6. Nc3 Qd7 7. h3 Bf5 8. Bxf5 Qxf5 9. Qf3 Qxc2 10. Rc1 Qg6 11. Nxd5 0-0-0 12. Ne2 Nge7 13. Ndf4 Qd6 14. 0-0 Nd5 15. Nxd5 Qxd5 16. Qxd5 Rxd5 17. Nf4 Rd7 18. d5 Nb4 19. Bxa7 Nxd5 20. Nxd5 Rxd5 21. Rfe1 Bd6 22. Bb6 Rd8 23. Be3 Bb4 24. Rf1 Bd2 25. Rcd1 Bxe3 26. Rxd5 Rxd5 27. fxe3 f6 28. Rf2 Rd1+ 29. Kh2 Kd7 30. Kg3 Rd5 31. Rc2 Rf5 32. Rd2+ Ke7 33. Rc2 c6 34. Rd2 Rf1 35. a3 Rf5 36. Rd3 b5 37. Rd4 Rc5 38. a4 Ke6 39. a5 Rc1 40. b4 Ra1 41. Rd8 Ra4 42. Rd4 Ke5 43. Kf3 f5 44. g4 g6 45. gxf5 gxf5 46. Kg3 c5 47. bxc5 Rxa5 48. Kf3 Ra4 49. Rd7 Rh4 50. c6 Rxh3+ 51. Ke2 Rh6 52. c7 Rc6 53. Rxh7 Kd5 54. Rf7 Kc4 55. Kd2 Kb4 56. Rxf5 Rxc7 57. Rf1 Ka3 58. Ra1+ Kb2 59. Ra5 b4 60. Rb5 Rd7+ 61. Ke2 b3 62. e4 Kc2 63. Ke3 Rd3+ 64. Kf4 b2 0-1

[Event "Euskadi-chT (Vasca) Div Honor"]
[Site "Bergara"]
[Date "2017.01.21"]
[Round "2.4"]
[White "Arnaez Gil, Juan Ignacio"]
[Black "Navarrete Delgado, Sergio"]
[Result "1/2-1/2"]
[WhiteElo "2197"]
[BlackElo "2239"]
[PlyCount "70"]
[EventDate "2017.01.14"]
[EventType "team-tourn"]
[EventRounds "9"]
[EventCountry "ESP"]
[SourceTitle "EXT 2024"]
[Source "ChessBase"]
[SourceDate "2023.10.10"]
[SourceVersion "1"]
[SourceVersionDate "2023.10.10"]
[SourceQuality "1"]

1. Nf3 Nf6 2. c4 g6 3. g3 Bg7 4. Bg2 0-0 5. 0-0 c5 6. Nc3 Nc6 7. d4 cxd4 8. Nxd4 Nxd4 9. Qxd4 d6 10. Bd2 Ng4 11. Qe4 Bf5 12. Qxb7 Rb8 13. Qxa7 Rxb2 14. Be1 Rc2 15. Qa3 Rxe2 16. Nxe2 Bxa1 17. Ba5 Bb2 18. Qb4 Qb8 19. Bb6 Bf6 20. Nf4 Ne5 21. Nd5 Bd3 22. Rc1 Rc8 23. c5 dxc5 24. Rxc5 Nd7 25. Nxf6+ exf6 26. Rxc8+ Qxc8 27. Qd2 Qc4 28. Be3 Ne5 29. h3 Qb5 30. a4 Qb3 31. Bd4 Bf5 32. Bxe5 fxe5 33. a5 Bd3 34. Qe3 e4 35. Kh2 Qc4 1/2-1/2

[Event "Navarra-chT"]
[Site "Navarra"]
[Date "2016.11.05"]
[Round "5.3"]
[White "Ortin Blanco, Inigo"]
[Black "Navarrete Delgado, Sergio"]
[Result "1-0"]
[WhiteElo "2069"]
[BlackElo "2260"]
[PlyCount "123"]
[EventDate "2016.10.08"]
[EventType "team-tourn"]
[EventRounds "7"]
[EventCountry "ESP"]
[SourceTitle "CBM 175 Extra"]
[Source "ChessBase"]
[SourceDate "2016.12.12"]
[SourceVersion "1"]
[SourceVersionDate "2016.12.12"]
[SourceQuality "1"]
[WhiteTeam "Santa Ana Siglo 21"]
[BlackTeam "Orvina"]
[WhiteTeamCountry "ESP"]
[BlackTeamCountry "ESP"]

1. d4 d6 2. c4 e5 3. Nc3 exd4 4. Qxd4 Nc6 5. Qd2 g6 6. b3 Bg7 7. Bb2 Nf6 8. e3 0-0 9. Nf3 a5 10. Be2 Bf5 11. 0-0 Re8 12. Rad1 Nb4 13. Nd4 Bg4 14. a3 Na6 15. Nd5 Bxe2 16. Nxe2 Nxd5 17. Bxg7 Kxg7 18. Qxd5 Nc5 19. b4 axb4 20. axb4 Ne4 21. Nf4 Nf6 22. Qd3 Qe7 23. Nd5 Nxd5 24. cxd5 Qe4 25. Qc3+ Re5 26. Rd4 Qf5 27. Qxc7 Qf6 28. Rf4 Qe7 29. Qxe7 Rxe7 30. Rc1 Rc7 31. Rd1 Ra2 32. g4 g5 33. Rf5 h6 34. Rd4 b5 35. h4 Kg6 36. Re4 Rb2 37. Kg2 Rbc2 38. hxg5 hxg5 39. Re8 R2c4 40. Rg8+ Kh7 41. Rgxg5 Rxb4 42. Rf6 Rd7 43. Kg3 Rb1 44. Rf3 b4 45. Kf4 Rh1 46. e4 Rb7 47. Rb3 Kh6 48. Kf5 Rh2 49. f4 Rh1 50. Kf6 Kh7 51. Rg7+ Kh8 52. g5 Rh7 53. Rxh7+ Kxh7 54. e5 dxe5 55. fxe5 Kg8 56. g6 fxg6 57. Kxg6 Rb5 58. e6 Kf8 59. Kf6 Rb6 60. Rd3 b3 61. d6 Ke8 62. Rh3 1-0

[Event "Navarra-chTA"]
[Site "Pamplona"]
[Date "2015.10.17"]
[Round "2.3"]
[White "Navarrete Delgado, Sergio"]
[Black "Forjan Jimenez, Pedro"]
[Result "1/2-1/2"]
[WhiteElo "2243"]
[BlackElo "1982"]
[PlyCount "70"]
[EventDate "2015.10.10"]
[EventType "team-tourn"]
[EventRounds "7"]
[EventCountry "ESP"]
[SourceTitle "CBM 169 Extra"]
[Source "ChessBase"]
[SourceDate "2015.12.18"]
[SourceVersion "1"]
[SourceVersionDate "2015.12.18"]
[SourceQuality "1"]
[WhiteTeam "Orvina"]
[BlackTeam "Mikel Gurea"]
[WhiteTeamCountry "ESP"]
[BlackTeamCountry "ESP"]

1. e4 c6 2. d4 d5 3. Nc3 dxe4 4. Nxe4 Nf6 5. Bd3 Nxe4 6. Bxe4 Nd7 7. Ne2 Nf6 8. Bd3 Bf5 9. 0-0 Bxd3 10. Qxd3 e6 11. Bf4 Bd6 12. Rad1 0-0 13. Qf3 Bxf4 14. Nxf4 Qa5 15. a3 Qf5 16. Rd3 e5 17. dxe5 Qxe5 18. Rb3 b6 19. Nd3 Qd5 20. Nb4 Qxf3 21. Rxf3 c5 22. Nc6 Rfe8 23. Re3 Rxe3 24. fxe3 Kf8 25. h3 a6 26. Rd1 Rc8 27. Rd8+ Rxd8 28. Nxd8 Ne4 29. Nc6 Nd6 30. Ne5 Ke8 31. b3 f6 32. Nd3 Kd7 33. Nf4 Ne4 34. Kf1 Kd6 35. Ke2 g6 1/2-1/2

[Event "Navarra-chT Preferente"]
[Site "Navarra"]
[Date "2012.11.10"]
[Round "5.2"]
[White "Gomez Garrido, Camilo Ernesto"]
[Black "Navarrete Delgado, Sergio"]
[Result "1-0"]
[WhiteElo "2505"]
[BlackElo "2229"]
[PlyCount "77"]
[EventDate "2012.10.13"]
[EventType "team"]
[EventRounds "7"]
[EventCountry "ESP"]
[SourceTitle "EXT 2014"]
[Source "ChessBase"]
[SourceDate "2013.11.20"]
[SourceVersion "1"]
[SourceVersionDate "2013.11.20"]
[SourceQuality "1"]
[WhiteTeam "Mikel Gurea Graficas Arga"]
[BlackTeam "Orvina"]
[WhiteTeamCountry "ESP"]
[BlackTeamCountry "ESP"]

1. d4 Nf6 2. c4 e5 3. dxe5 Ne4 4. Nf3 Nc6 5. a3 d6 6. e3 Bg4 7. Qc2 Bxf3 8. gxf3 Ng5 9. Be2 dxe5 10. Nc3 Qd7 11. h4 Ne6 12. h5 0-0-0 13. b4 Ng5 14. Bb2 Ne7 15. Nb5 Qe6 16. Nxa7+ Kb8 17. Nb5 Nc6 18. Nc3 Be7 19. Nd5 Rxd5 20. cxd5 Qxd5 21. b5 Nxf3+ 22. Bxf3 Qxf3 23. Rg1 Bh4 24. Qe2 Nd4 25. exd4 Qb3 26. Rg4 g5 27. dxe5 Rd8 28. Rd4 Re8 29. Rad1 g4 30. Rxg4 Qh3 31. Qe4 Be7 32. b6 Bd6 33. bxc7+ Bxc7 34. Rg3 Ba5+ 35. Ke2 Qxh5+ 36. Qf3 Qh6 37. Kf1 Re6 38. Rg8+ Ka7 39. Qe3+ 1-0

[Event "Navarra-chT Preferente"]
[Site "Navarra"]
[Date "2012.10.13"]
[Round "1.2"]
[White "Urretabizkaia Merino, Asier"]
[Black "Navarrete Delgado, Sergio"]
[Result "0-1"]
[WhiteElo "2076"]
[BlackElo "2229"]
[PlyCount "64"]
[EventDate "2012.10.13"]
[EventType "team"]
[EventRounds "7"]
[EventCountry "ESP"]
[SourceTitle "EXT 2014"]
[Source "ChessBase"]
[SourceDate "2013.11.20"]
[SourceVersion "1"]
[SourceVersionDate "2013.11.20"]
[SourceQuality "1"]
[WhiteTeam "Nuevo Casino"]
[BlackTeam "Orvina"]
[WhiteTeamCountry "ESP"]
[BlackTeamCountry "ESP"]

1. d4 d5 2. Nf3 c5 3. e3 Nc6 4. c3 e6 5. Bd3 Nf6 6. 0-0 Bd6 7. Nbd2 0-0 8. Qe2 e5 9. dxe5 Nxe5 10. Nxe5 Bxe5 11. h3 Re8 12. Nf3 Bc7 13. Rd1 Qe7 14. b3 Bd7 15. Bb2 Bc6 16. Rac1 a6 17. Ba3 b5 18. c4 dxc4 19. bxc4 b4 20. Bb2 Ne4 21. Nh2 Qh4 22. Nf3 Qh5 23. Nd4 Qxe2 24. Nxe2 Rad8 25. Bc2 Nd2 26. Nf4 Nxc4 27. Rxd8 Rxd8 28. Bxh7+ Kxh7 29. Rxc4 Rd1+ 30. Kh2 Bd6 31. h4 Rd2 32. Bd4 Bxf4+ 0-1

[Event "Pamplona San Juan op 6th"]
[Site "Pamplona"]
[Date "2012.07.24"]
[Round "2"]
[White "Navarrete Delgado, Sergio"]
[Black "Ibarra Jerez, Jose Carlos"]
[Result "1/2-1/2"]
[WhiteElo "2220"]
[BlackElo "2530"]
[PlyCount "74"]
[EventDate "2012.07.23"]
[EventType "swiss"]
[EventRounds "9"]
[EventCountry "ESP"]
[SourceTitle "CBM 149 Extra"]
[Source "ChessBase"]
[SourceDate "2012.08.24"]
[SourceVersion "1"]
[SourceVersionDate "2012.08.24"]
[SourceQuality "1"]

1. e4 c5 2. Ne2 e6 3. Nbc3 a6 4. d4 cxd4 5. Nxd4 b5 6. Bd3 Qb6 7. Nb3 Qc7 8. Be3 Bb7 9. 0-0 Nf6 10. Re1 Be7 11. Bd4 e5 12. Be3 0-0 13. Bg5 b4 14. Bxf6 Bxf6 15. Nd5 Bxd5 16. exd5 d6 17. Qf3 Nd7 18. Re4 a5 19. Rc4 Qd8 20. Nd2 Bg5 21. Qh3 g6 22. Ne4 Be7 23. Rc6 Nb8 24. Rc4 Nd7 25. Rc6 Nf6 26. Ng5 Kg7 27. Rd1 Nh5 28. Ne4 f5 29. Nd2 Nf4 30. Qf3 Bg5 31. Bf1 Qf6 32. Nc4 Rfd8 33. Qb3 Ra7 34. Qa4 Qe7 35. Qb5 e4 36. Qb6 Rb7 37. Qxa5 Nh5 1/2-1/2

[Event "Euskadi-chT"]
[Site "Bergara"]
[Date "2010.03.13"]
[Round "9.5"]
[White "Navarrete Delgado, Sergio"]
[Black "Garro Beraza, Haritz"]
[Result "0-1"]
[WhiteElo "2227"]
[BlackElo "2075"]
[PlyCount "132"]
[EventDate "2010.01.09"]
[EventType "team-tourn"]
[EventRounds "9"]
[EventCountry "ESP"]
[SourceTitle "EXT 2011"]
[Source "ChessBase"]
[SourceDate "2010.11.26"]
[SourceVersion "1"]
[SourceVersionDate "2010.11.26"]
[SourceQuality "1"]

1. e4 c5 2. Nc3 Nc6 3. Nf3 d6 4. d4 cxd4 5. Nxd4 e6 6. Be2 Be7 7. Be3 Nf6 8. 0-0 a6 9. f4 Qc7 10. Qe1 0-0 11. Qg3 Nxd4 12. Bxd4 b5 13. e5 dxe5 14. fxe5 Bc5 15. Rad1 Nd7 16. Kh1 Bxd4 17. Rxd4 Qxe5 18. Rdf4 Bb7 19. Bd3 g6 20. a4 bxa4 21. Nxa4 Bc6 22. Nc3 Rab8 23. Nd1 Bb5 24. Nf2 Qxb2 25. Ng4 Qg7 26. Qe3 Bxd3 27. Qxd3 f5 28. Ne3 Nc5 29. Qd6 Rbc8 30. Rc4 Qc7 31. Qd4 Qd7 32. Qe5 Qc7 33. Qd4 Rfd8 34. Qh4 Qe5 35. Qe1 Ne4 36. Ra4 Rc6 37. Ng4 Qg7 38. Rxe4 fxe4 39. Qxe4 Rcd6 40. h3 Rf8 41. Rb1 e5 42. Rb7 Rd7 43. Rxd7 Qxd7 44. Qxe5 Qg7 45. Qe6+ Kh8 46. Qxa6 h5 47. Ne3 Qe5 48. Qd3 Ra8 49. Kg1 Ra1+ 50. Kf2 Qf6+ 51. Ke2 Kh7 52. Qd7+ Kh6 53. Qd2 g5 54. h4 Ra6 55. Qd5 g4 56. Qd2 Re6 57. Kd3 Kg6 58. Nd5 Qf5+ 59. Kd4 Re4+ 60. Kc5 Qf8+ 61. Kb5 Qb8+ 62. Kc5 Qa7+ 63. Kb5 Qa4+ 64. Kc5 Rc4+ 65. Kd6 Qc6+ 66. Ke5 Qe8+ 0-1

[Event "Euskadi-chT"]
[Site "Bergara"]
[Date "2010.01.16"]
[Round "2.4"]
[White "Navarrete Delgado, Sergio"]
[Black "Nava Pereda, Carlos"]
[Result "1/2-1/2"]
[WhiteElo "2227"]
[BlackElo "2254"]
[PlyCount "70"]
[EventDate "2010.01.09"]
[EventType "team-tourn"]
[EventRounds "9"]
[EventCountry "ESP"]
[SourceTitle "EXT 2011"]
[Source "ChessBase"]
[SourceDate "2010.11.26"]
[SourceVersion "1"]
[SourceVersionDate "2010.11.26"]
[SourceQuality "1"]

1. e4 e5 2. Nf3 Nc6 3. d4 exd4 4. Nxd4 Nf6 5. Nxc6 bxc6 6. Bd3 d5 7. Bg5 Be7 8. Nc3 Nxe4 9. Bxe7 Qxe7 10. Bxe4 dxe4 11. Qd4 0-0 12. 0-0 Bf5 13. Rfe1 Rfd8 14. Qc4 Rab8 15. a3 Rxb2 16. Nxe4 Qd7 17. Qe2 h6 18. Nc5 Qc8 19. Rad1 Rxd1 20. Rxd1 Bg6 21. Qe7 Qg4 22. f3 Qg5 23. Qe8+ Kh7 24. Nd7 h5 25. h4 Qf4 26. Nf8+ Kh6 27. Nxg6 Kxg6 28. Qxc6+ Kh7 29. Qc3 Rb6 30. Rd4 Rb1+ 31. Kf2 Qh2 32. Qd3+ g6 33. Qc4 Qg1+ 34. Kg3 Qe1+ 35. Kh3 Qh1+ 1/2-1/2

[Event "Pamplona-B 19th"]
[Site "Pamplona"]
[Date "2009.12.07"]
[Round "8"]
[White "Navarrete Delgado, Sergio"]
[Black "Fayard, Alain"]
[Result "0-1"]
[WhiteElo "2242"]
[BlackElo "2279"]
[PlyCount "60"]
[EventDate "2009.12.01"]
[EventType "tourn"]
[EventRounds "9"]
[EventCountry "ESP"]
[EventCategory "3"]
[SourceTitle "CBM 133 Extra"]
[Source "ChessBase"]
[SourceDate "2010.01.05"]
[SourceVersion "1"]
[SourceVersionDate "2010.01.05"]
[SourceQuality "1"]

1. e4 e5 2. d4 exd4 3. Nf3 Qe7 4. Bd3 Nc6 5. c3 d6 6. Nxd4 Bd7 7. 0-0 Nf6 8. Re1 g6 9. Bg5 h6 10. Bh4 Bg7 11. f4 0-0-0 12. Nd2 Nxd4 13. cxd4 g5 14. fxg5 Ng4 15. Nf3 hxg5 16. Bg3 Nxh2 17. Nxh2 Bxd4+ 18. Kf1 Rxh2 19. Bxh2 Rh8 20. Bg3 Rh1+ 21. Ke2 Bg4+ 22. Kd2 Bxd1 23. Rxh1 Ba4 24. Rab1 f5 25. e5 Qf8 26. e6 f4 27. Rhf1 Be3+ 28. Ke2 Qe8 29. Be1 Qxe6 30. Bc3 Bf2+ 0-1

[Event "Pamplona-B 19th"]
[Site "Pamplona"]
[Date "2009.12.04"]
[Round "5"]
[White "Lyell, Mark"]
[Black "Navarrete Delgado, Sergio"]
[Result "1-0"]
[WhiteElo "2288"]
[BlackElo "2242"]
[PlyCount "119"]
[EventDate "2009.12.01"]
[EventType "tourn"]
[EventRounds "9"]
[EventCountry "ESP"]
[EventCategory "3"]
[SourceTitle "CBM 133 Extra"]
[Source "ChessBase"]
[SourceDate "2010.01.05"]
[SourceVersion "1"]
[SourceVersionDate "2010.01.05"]
[SourceQuality "1"]

1. e4 d5 2. exd5 Nf6 3. d4 Bg4 4. Nf3 Qxd5 5. Be2 Nc6 6. c4 Qh5 7. Be3 0-0-0 8. Nbd2 e5 9. d5 Nd4 10. Nxd4 exd4 11. Bxd4 Re8 12. f3 Bf5 13. 0-0 Bd6 14. g3 Qh3 15. Rf2 Nd7 16. Rc1 Qh6 17. c5 Be5 18. Nb3 Qf6 19. c6 Nb6 20. cxb7+ Kxb7 21. Bb5 Bxd4 22. Nxd4 Bd7 23. Bxd7 Nxd7 24. Rfc2 Rc8 25. Rc6 Qe5 26. Qb3+ Nb6 27. Nb5 Rhe8 28. d6 cxd6 29. Nxd6+ Qxd6 30. Rxd6 Rxc1+ 31. Kf2 Re7 32. a4 Re5 33. f4 Rec5 34. Rd2 Kc8 35. Qd3 f5 36. b4 R5c4 37. Qxf5+ Kb7 38. a5 Nc8 39. Qb5+ Ka8 40. Rd7 R1c2+ 41. Kf3 R2c3+ 42. Kg4 Rc7 43. Rxc7 Rxc7 44. a6 h6 45. h4 Ne7 46. Qe5 h5+ 47. Kxh5 g6+ 48. Kg4 Kb8 49. b5 Kc8 50. Qh8+ Kd7 51. Qa8 Nc8 52. Qd5+ Nd6 53. h5 gxh5+ 54. Kxh5 Rc8 55. f5 Rh8+ 56. Kg4 Re8 57. Kf4 Re1 58. g4 Re2 59. b6 axb6 60. a7 1-0

[Event "Condom IM"]
[Site "Condom"]
[Date "2009.07.18"]
[Round "9"]
[White "Nanu, Ciprian Costica"]
[Black "Navarrete Delgado, Sergio"]
[Result "1-0"]
[WhiteElo "2535"]
[BlackElo "2242"]
[PlyCount "103"]
[EventDate "2009.07.11"]
[EventType "tourn"]
[EventRounds "9"]
[EventCountry "FRA"]
[EventCategory "5"]
[SourceTitle "CBM 131 Extra"]
[Source "ChessBase"]
[SourceDate "2009.09.03"]
[SourceVersion "2"]
[SourceVersionDate "2009.09.16"]
[SourceQuality "1"]

1. d4 d5 2. c4 c6 3. Nf3 Nf6 4. e3 e6 5. Nbd2 a6 6. Bd3 dxc4 7. Nxc4 b5 8. Nce5 Bb7 9. 0-0 Nbd7 10. a4 Nxe5 11. Nxe5 Be7 12. Qf3 Qd5 13. Bd2 Qxf3 14. Nxf3 0-0 15. Rfc1 Rfd8 16. Ba5 Rdc8 17. Ne5 Bd6 18. f4 Kf8 19. Bb6 Ke8 20. Bc5 Bc7 21. a5 Nd7 22. Nxd7 Kxd7 23. b4 f5 24. Ra2 Rg8 25. Rac2 Rae8 26. e4 g6 27. g3 Rc8 28. Re2 Bd6 29. Rce1 Bxc5 30. dxc5 Rge8 31. Bc2 Rcd8 32. Bb3 Bc8 33. Kf2 fxe4 34. Rxe4 Ke7 35. Ke3 Kd7 36. Kf3 Kc7 37. Ke3 Kd7 38. Kd4 Ke7+ 39. Kc3 Kf6 40. Re5 Re7 41. g4 Rde8 42. Bd1 Bb7 43. Bf3 Rd8 44. R1e3 Kf7 45. f5 Rde8 46. Rxe6 Rxe6 47. Rxe6 Rxe6 48. fxe6+ Kxe6 49. Kd4 g5 50. Be4 h6 51. Bf5+ Kf6 52. Ke4 1-0

[Event "Condom IM"]
[Site "Condom"]
[Date "2009.07.14"]
[Round "5"]
[White "Brih, Said"]
[Black "Navarrete Delgado, Sergio"]
[Result "1-0"]
[WhiteElo "2318"]
[BlackElo "2242"]
[PlyCount "77"]
[EventDate "2009.07.11"]
[EventType "tourn"]
[EventRounds "9"]
[EventCountry "FRA"]
[EventCategory "5"]
[SourceTitle "CBM 131 Extra"]
[Source "ChessBase"]
[SourceDate "2009.09.03"]
[SourceVersion "2"]
[SourceVersionDate "2009.09.16"]
[SourceQuality "1"]

1. d4 Nf6 2. Nf3 e6 3. c4 Bb4+ 4. Nc3 d5 5. a3 Bxc3+ 6. bxc3 c5 7. e3 Nbd7 8. cxd5 exd5 9. Bd3 0-0 10. 0-0 Re8 11. a4 c4 12. Bb1 Nf8 13. Ne5 Ng6 14. f4 Nxe5 15. fxe5 Bg4 16. Qe1 Ne4 17. Bxe4 dxe4 18. Rf4 Bh5 19. Ba3 Bg6 20. Qf2 Qd7 21. Bd6 Re6 22. d5 Rxd6 23. exd6 Qxd6 24. Qd2 Rc8 25. Rb1 b6 26. Rb4 Rc5 27. Rb5 Rc8 28. a5 bxa5 29. Rxa5 h6 30. Rf1 f6 31. Rfa1 Bf7 32. Qd4 f5 33. Qxa7 Qf6 34. Qd4 Qxd4 35. cxd4 Kh7 36. Ra8 Rxa8 37. Rxa8 Bxd5 38. Ra5 Bb7 39. Rxf5 1-0

[Event "San Juan op"]
[Site "San Juan"]
[Date "2008.06.22"]
[Round "2"]
[White "Navarrete Delgado, Sergio"]
[Black "Sanchez, Joseph"]
[Result "0-1"]
[WhiteElo "2236"]
[BlackElo "2507"]
[PlyCount "114"]
[EventDate "2008.06.21"]
[EventType "swiss"]
[EventRounds "9"]
[EventCountry "ESP"]
[SourceTitle "CBM 125 Extra"]
[Source "ChessBase"]
[SourceDate "2008.09.01"]
[SourceVersion "1"]
[SourceVersionDate "2008.09.01"]
[SourceQuality "1"]

1. e4 d5 2. exd5 Qxd5 3. Nc3 Qa5 4. Bc4 Nf6 5. d3 c6 6. Nge2 Bg4 7. f3 Bf5 8. g4 Bg6 9. Ng3 h5 10. Qe2 Nbd7 11. Bd2 hxg4 12. Nd5 Qd8 13. Nf4 gxf3 14. Qxf3 Bh7 15. Qe2 Nb6 16. 0-0-0 Nxc4 17. dxc4 Qc7 18. Nfh5 Nxh5 19. Qxh5 g6 20. Qf3 Bg7 21. Ne4 g5 22. Nxg5 Bg6 23. Bc3 Bh5 24. Qe3 Bxc3 25. Qxc3 Rg8 26. Rdf1 f6 27. Ne6 Qd6 28. Re1 Bg4 29. c5 Qd7 30. Nf4 0-0-0 31. h3 Bf5 32. Rd1 Qc7 33. Qe3 e5 34. Ne2 Be6 35. Nc3 f5 36. Rxd8+ Rxd8 37. Re1 e4 38. a3 Qe5 39. Ne2 Qd5 40. Nc3 Qe5 41. Ne2 Bf7 42. Nf4 Qf6 43. Rf1 Rg8 44. Rd1 Qe5 45. Qd2 Qc7 46. Kb1 b6 47. cxb6 axb6 48. Qd6 Re8 49. Qf6 Re5 50. Rd6 Qe7 51. Rxc6+ Kd7 52. Rxb6 Qxf6 53. Rxf6 Ke7 54. Rc6 e3 55. Nd3 e2 56. Rc7+ Ke6 57. b4 e1Q+ 0-1

[Event "Condom IM 6th"]
[Site "Condom"]
[Date "2007.07.14"]
[Round "9"]
[White "Cioara, Andrei Nestor"]
[Black "Navarrete Delgado, Sergio"]
[Result "1/2-1/2"]
[WhiteElo "2430"]
[BlackElo "2213"]
[PlyCount "22"]
[EventDate "2007.07.07"]
[EventType "tourn"]
[EventRounds "9"]
[EventCountry "FRA"]
[EventCategory "4"]
[SourceTitle "CBM 119 Extra"]
[Source "ChessBase"]
[SourceDate "2007.09.04"]
[SourceVersion "1"]
[SourceVersionDate "2007.09.04"]
[SourceQuality "1"]

1. d4 d5 2. Nf3 Nf6 3. g3 g6 4. Bg2 Bg7 5. 0-0 0-0 6. Nbd2 b6 7. c4 Bb7 8. b3 c5 9. Bb2 dxc4 10. Nxc4 Nbd7 11. e3 Rc8 1/2-1/2

[Event "Condom IM 6th"]
[Site "Condom"]
[Date "2007.07.08"]
[Round "2"]
[White "Lejarre, Ludovic"]
[Black "Navarrete Delgado, Sergio"]
[Result "1/2-1/2"]
[WhiteElo "2359"]
[BlackElo "2213"]
[PlyCount "91"]
[EventDate "2007.07.07"]
[EventType "tourn"]
[EventRounds "9"]
[EventCountry "FRA"]
[EventCategory "4"]
[SourceTitle "CBM 119 Extra"]
[Source "ChessBase"]
[SourceDate "2007.09.04"]
[SourceVersion "1"]
[SourceVersionDate "2007.09.04"]
[SourceQuality "1"]

1. e4 e5 2. Nf3 Nc6 3. Bb5 a6 4. Ba4 Nf6 5. 0-0 Nxe4 6. d4 b5 7. Bb3 d5 8. dxe5 Be6 9. Nbd2 Be7 10. c3 Nc5 11. Bc2 d4 12. Ne4 d3 13. Nxc5 dxc2 14. Qxd8+ Rxd8 15. Nxe6 fxe6 16. Be3 0-0 17. Rfc1 Rd5 18. Rxc2 Nxe5 19. Nxe5 Rxe5 20. g3 Rd8 21. Bd4 Red5 22. Re1 Kf7 23. Be3 Rd1 24. Kf1 Bf6 25. b3 R1d3 26. Rec1 R3d7 27. Ke2 Be5 28. Rd2 Rxd2+ 29. Bxd2 c5 30. f4 Bf6 31. c4 b4 32. Be3 Be7 33. Rd1 Rxd1 34. Kxd1 Kf6 35. Ke2 e5 36. Kf3 exf4 37. Bxf4 Kf5 38. g4+ Ke6 39. Ke4 Bf6 40. Be3 Be7 41. Bf2 Bd6 42. h4 Be7 43. h5 g6 44. hxg6 hxg6 45. Kf4 Bd6+ 46. Ke4 1/2-1/2

[Event "FRA-chT2 South 0607"]
[Site "France"]
[Date "2007.03.31"]
[Round "10.2"]
[White "Navarrete Delgado, Sergio"]
[Black "Suarez Real, Alberto"]
[Result "1/2-1/2"]
[WhiteElo "2192"]
[BlackElo "2386"]
[PlyCount "97"]
[EventDate "2006.10.15"]
[EventType "team"]
[EventRounds "11"]
[EventCountry "FRA"]
[SourceTitle "EXT 2008"]
[Source "ChessBase"]
[SourceDate "2007.11.25"]
[SourceVersion "1"]
[SourceVersionDate "2007.11.25"]
[SourceQuality "1"]
[WhiteTeam "Condom"]
[BlackTeam "Nice"]
[WhiteTeamCountry "FRA"]
[BlackTeamCountry "FRA"]

1. e4 c5 2. Nf3 Nc6 3. Nc3 e6 4. d4 cxd4 5. Nxd4 Nf6 6. Ndb5 d6 7. Bf4 e5 8. Nd5 Nxd5 9. exd5 exf4 10. dxc6 bxc6 11. Qf3 d5 12. 0-0-0 Be7 13. Qc3 0-0 14. Qxc6 Be6 15. Nc7 Rc8 16. Nxe6 Rxc6 17. Nxd8 Rxd8 18. Be2 Bf6 19. Bf3 Rdc8 20. Rd2 Rb6 21. b3 d4 22. Re1 a5 23. Kb1 a4 24. Be4 Kf8 25. Bf3 g6 26. Be4 Rc5 27. Bf3 Ra5 28. Rd3 Rc5 29. Re4 g5 30. Re2 Rb8 31. Be4 Kg7 32. h3 h5 33. a3 axb3 34. cxb3 Rbc8 35. b4 Rc1+ 36. Kb2 Rg1 37. Rc2 Rc3 38. Rdxc3 dxc3+ 39. Ka2 Bd4 40. f3 Kf6 41. a4 Ke5 42. Kb3 f5 43. Bd3 Kd5 44. Bxf5 Rb1+ 45. Ka3 Kc4 46. Be6+ Kd3 47. Bf5+ Kc4 48. Be6+ Kd3 49. Bf5+ 1/2-1/2